Most Expensive Football Squads in UEFA Outside Top 5 Leagues - Statistics

General Stats
  • This quiz has been taken 487 times
    422 since last reset
  • The average score is 16 of 26
Answer Stats
Rank Value Answer % Correct
1 £310.73m Ajax Amsterdam
97%
4 £233.37m FC Porto
96%
2 £239.40m Benfica
95%
9 £144.18m PSV Eindhoven
92%
10 £120.56m Feyenoord Rotterdam
85%
19 £93.80m Galatasaray
73%
3 £235.08m Sporting Lisbon
71%
26 £71.21m Celtic
70%
12 £118.85m Rangers
68%
11 £119.99m Fenerbahce SK
66%
21 £91.73m Besiktas
65%
24 £79.56m Anderlecht
64%
14 £102.15m Sporting Braga
63%
23 £85.50m Dynamo Kyiv
61%
5 £198.00m Red Bull Salzburg
55%
8 £144.50m Club Brugge
53%
7 £144.99m Shakhtar Donetsk
52%
13 £106.07m Olympiacos Piraeus
47%
17 £94.37m CSKA Moscow
46%
15 £101.70m KRC Genk
46%
22 £87.71m Dinamo Zagreb
43%
20 £92.66m Spartak Moscow
43%
6 £148.10m Zenit St. Petersburg
41%
25 £71.26m Lokomotiv Moscow
31%
16 £100.89m Trabzonspor
30%
18 £94.23m Dynamo Moscow
20%
No matching quizzes found
Score Distribution
Percent of People with Each Score
Percentile by Number Answered
Your Score History
You have not taken this quiz since the last reset